[Event "Europa tch 2011 femenino"]
[Site "Porto Carras"]
[Date "2011.11.06"]
[Round "4.5"]
[White "Leconte, Maria"]
[Black "Pascual Palomo, Lucia"]
[Result "1-0"]
[WhiteElo "2282"]
[BlackElo "2104"]
[PlyCount "75"]
[EventDate "2011.11.03"]
[EventType "team"]
[EventRounds "9"]
[EventCountry "GRE"]
[Source "lmi"]
[SourceDate "2011.11.03"]
[WhiteTeam "France"]
[BlackTeam "Espana"]
[WhiteTeamCountry "FRA"]
[BlackTeamCountry "ESP"]

1. d4 e6 2. Nf3 Nf6 3. e3 b6 4. Bd3 Bb7 5. Nbd2 d5 6. O-O Be7 7. b3 O-O 8. Bb2
Nbd7 9. Ne5 Ne4 10. f4 f6 11. Nxd7 Qxd7 12. Nf3 Rfe8 13. c4 c5 14. Qe2 Bc6 15.
Rad1 Qb7 16. f5 exf5 17. cxd5 Bxd5 18. Ba6 Qc7 19. dxc5 Bf7 20. c6 Bd6 21. g3
Bh5 22. Bc4+ Kh8 23. Rd5 Ng5 24. Rxf5 Bxf3 25. R1xf3 Nxf3+ 26. Qxf3 Bc5 27. Rh5
Bxe3+ 28. Kg2 h6 29. Bd5 Rad8 30. h4 Qe7 31. Kh3 Rd6 32. Qf5 Qf8 33. Be4 Qg8
34. c7 Rc8 35. Ba3 Rd1 36. Qf3 Re1 37. Bb4 Bf2 38. Rxh6+ 1-0

[Event "Europa tch 2011 femenino"]
[Site "Porto Carras"]
[Date "2011.11.06"]
[Round "4.5"]
[White "Maisuradze, Nino"]
[Black "Vega Gutierrez, Sabrina"]
[Result "1-0"]
[WhiteElo "2315"]
[BlackElo "2327"]
[PlyCount "79"]
[EventDate "2011.11.03"]
[EventType "team"]
[EventRounds "9"]
[EventCountry "GRE"]
[Source "lmi"]
[SourceDate "2011.11.03"]
[WhiteTeamCountry "FRA"]
[BlackTeamCountry "ESP"]

1. d4 d5 2. c4 e6 3. Nf3 c6 4. e3 Nf6 5. Bd3 dxc4 6. Bxc4 Nbd7 7. O-O Bd6 8.
Nc3 O-O 9. e4 e5 10. Be3 b5 11. Bd3 Bb7 12. Qc2 Ng4 13. Bg5 Qb8 14. h3 exd4 15.
Nxd4 Nge5 16. Nf5 Bc5 17. Be2 Ng6 18. Rad1 Qc7 19. b4 Bb6 20. Nxb5 cxb5 21.
Qxc7 Bxc7 22. Rxd7 Rfc8 23. Bxb5 Bxe4 24. Ne7+ Nxe7 25. Rxe7 h6 26. Ba6 Re8 27.
Rxc7 hxg5 28. Bc4 Bg6 29. Rd1 a5 30. b5 a4 31. b6 Rab8 32. b7 Rf8 33. Rdd7 a3
34. Kh2 Rbe8 35. Kg3 Bh5 36. Ba6 Rb8 37. Rc8 Bg6 38. Rdc7 Bf5 39. Rxb8 Rxb8 40.
Rc8+ 1-0

[Event "Europa tch 2011 femenino"]
[Site "Porto Carras"]
[Date "2011.11.06"]
[Round "4.6"]
[White "Havlikova, Kristyna"]
[Black "Srebrnic, Ana"]
[Result "1-0"]
[WhiteElo "2285"]
[BlackElo "2219"]
[PlyCount "91"]
[EventDate "2011.11.03"]
[EventType "team"]
[EventRounds "9"]
[EventCountry "GRE"]
[Source "lmi"]
[SourceDate "2011.11.03"]
[WhiteTeamCountry "FRA"]
[BlackTeamCountry "ESP"]

1. e4 e5 2. Nf3 Nf6 3. Nxe5 d6 4. Nf3 Nxe4 5. Nc3 Nxc3 6. dxc3 Be7 7. Be3 Nc6
8. Qd2 Be6 9. O-O-O Qd7 10. Kb1 a6 11. h3 h6 12. g4 O-O-O 13. Bg2 Kb8 14. Nd4
Nxd4 15. Bxd4 Rhg8 16. f4 Qa4 17. b3 Qa5 18. f5 Bg5 19. Qd3 Bd7 20. Bd5 Bc6 21.
Bxc6 bxc6 22. h4 Bf6 23. Bxf6 gxf6 24. Qd4 Qe5 25. Qc4 Kb7 26. Rhe1 Qa5 27. Re7
h5 28. gxh5 Qxf5 29. Qxf7 Rc8 30. h6 d5 31. h7 Rh8 32. Rg1 Rhf8 33. Qg7 Qf2 34.
h5 d4 35. cxd4 Qxd4 36. Rg4 Qd1+ 37. Kb2 a5 38. h6 Rh8 39. Rc4 Qd6 40. Qf7 Rhf8
41. Qe6 Qxe6 42. Rxe6 Rf7 43. Rcxc6 f5 44. Rf6 Rxh7 45. Rc5 f4 46. Rcf5 1-0

[Event "Europa tch 2011 femenino"]
[Site "Porto Carras"]
[Date "2011.11.06"]
[Round "4.6"]
[White "Krivec, Jana"]
[Black "Nemcova, Katerina"]
[Result "1/2-1/2"]
[WhiteElo "2291"]
[BlackElo "2276"]
[PlyCount "28"]
[EventDate "2011.11.03"]
[EventType "team"]
[EventRounds "9"]
[EventCountry "GRE"]
[Source "lmi"]
[SourceDate "2011.11.03"]
[WhiteTeamCountry "FRA"]
[BlackTeamCountry "ESP"]

1. e4 c5 2. c3 Nf6 3. e5 Nd5 4. d4 cxd4 5. cxd4 Nc6 6. Nc3 Nc7 7. Nf3 d5 8.
exd6 Qxd6 9. d5 Ne5 10. Nxe5 Qxe5+ 11. Be2 e6 12. dxe6 Bxe6 13. Qa4+ Bd7 14.
Bf4 Qxc3+ 1/2-1/2

[Event "Europa tch 2011 femenino"]
[Site "Porto Carras"]
[Date "2011.11.06"]
[Round "4.6"]
[White "Kulovana, Eva"]
[Black "Muzychuk, Anna"]
[Result "0-1"]
[WhiteElo "2297"]
[BlackElo "2557"]
[PlyCount "54"]
[EventDate "2011.11.03"]
[EventType "team"]
[EventRounds "9"]
[EventCountry "GRE"]
[Source "lmi"]
[SourceDate "2011.11.03"]
[WhiteTeamCountry "FRA"]
[BlackTeamCountry "ESP"]

1. e4 c5 2. Nf3 e6 3. b3 Nc6 4. Bb5 Qb6 5. Bxc6 Qxc6 6. Qe2 Nf6 7. e5 Nd5 8.
O-O b5 9. c4 bxc4 10. bxc4 Nf4 11. Qe3 g5 12. Ne1 Bg7 13. Nc3 Bb7 14. f3 d6 15.
Bb2 Bxe5 16. Nd1 Bd4 17. Bxd4 cxd4 18. Qb3 O-O 19. Qb5 Qxb5 20. cxb5 a6 21. Rb1
axb5 22. Rxb5 Bd5 23. Nf2 Rxa2 24. d3 f5 25. Rb6 Rc8 26. Rxd6 Ra1 27. g4 Rcc1
0-1

[Event "Europa tch 2011 femenino"]
[Site "Porto Carras"]
[Date "2011.11.06"]
[Round "4.6"]
[White "Rozic, Vesna"]
[Black "Olsarova, Karolina"]
[Result "1/2-1/2"]
[WhiteElo "2263"]
[BlackElo "2167"]
[PlyCount "81"]
[EventDate "2011.11.03"]
[EventType "team"]
[EventRounds "9"]
[EventCountry "GRE"]
[Source "lmi"]
[SourceDate "2011.11.03"]
[WhiteTeamCountry "FRA"]
[BlackTeamCountry "ESP"]

1. d4 c5 2. d5 e5 3. e4 d6 4. Nc3 Be7 5. Bb5+ Kf8 6. a4 Bg5 7. Nf3 Bxc1 8. Qxc1
g6 9. h3 Kg7 10. Qe3 Ne7 11. Bd3 Nd7 12. Nd2 Nf6 13. Nc4 Ne8 14. O-O f6 15. f4
exf4 16. Rxf4 g5 17. Rf2 Ng6 18. Raf1 Qe7 19. Qd2 Ne5 20. Ne3 Rf8 21. Be2 Kh8
22. Bg4 Ng7 23. Qd1 Bd7 24. Bxd7 Nxd7 25. Nc4 a6 26. Qg4 Ne5 27. Nxe5 Qxe5 28.
h4 gxh4 29. Qxh4 f5 30. Qg5 Qd4 31. Kh1 Rae8 32. exf5 Re1 33. f6 Nh5 34. Rf3
Rxf1+ 35. Rxf1 Rxf6 36. Re1 Ng3+ 37. Kh2 Nf1+ 38. Kh1 Ng3+ 39. Kh2 Nf1+ 40. Kh1
Ng3+ 41. Kh2 1/2-1/2

[Event "Europa tch 2011 femenino"]
[Site "Porto Carras"]
[Date "2011.11.06"]
[Round "4.7"]
[White "Cemhan, Kardelen"]
[Black "Gara, Ticia"]
[Result "1-0"]
[WhiteElo "1881"]
[BlackElo "2375"]
[PlyCount "75"]
[EventDate "2011.11.03"]
[EventType "team"]
[EventRounds "9"]
[EventCountry "GRE"]
[Source "lmi"]
[SourceDate "2011.11.03"]
[WhiteTeamCountry "FRA"]
[BlackTeamCountry "ESP"]

1. e4 c5 2. Nf3 d6 3. d4 cxd4 4. Nxd4 Nf6 5. Nc3 a6 6. g3 e5 7. Nde2 Be7 8. Bg2
b5 9. O-O Nbd7 10. h3 Bb7 11. g4 b4 12. Nd5 Nxd5 13. exd5 O-O 14. c4 bxc3 15.
Nxc3 a5 16. Qc2 Qc7 17. Be3 Rfc8 18. Rac1 Ba6 19. Rfd1 Rab8 20. Qd2 Qb7 21. b3
Qb4 22. Ne4 Qa3 23. Bf1 Bxf1 24. Rxf1 g6 25. Rc6 f5 26. Rfc1 Rd8 27. gxf5 gxf5
28. Bg5 Kf7 29. Bxe7 Rg8+ 30. Kh2 Kxe7 31. Nxd6 Qb4 32. Nxf5+ Kd8 33. Qxb4 axb4
34. Nd6 Ke7 35. Ne4 Rb5 36. Re6+ Kf8 37. Rc8+ Kg7 38. Re7+ 1-0

[Event "Europa tch 2011 femenino"]
[Site "Porto Carras"]
[Date "2011.11.06"]
[Round "4.7"]
[White "Gara, Anita"]
[Black "Menzi, Nezihe Ezgi"]
[Result "1-0"]
[WhiteElo "2340"]
[BlackElo "1911"]
[PlyCount "132"]
[EventDate "2011.11.03"]
[EventType "team"]
[EventRounds "9"]
[EventCountry "GRE"]
[Source "lmi"]
[SourceDate "2011.11.03"]
[WhiteTeamCountry "FRA"]
[BlackTeamCountry "ESP"]

1. e4 e5 2. Nc3 Nf6 3. g3 Bc5 4. Bg2 O-O 5. Nge2 c6 6. O-O d5 7. exd5 cxd5 8.
d4 exd4 9. Nxd4 Bg4 10. Qd3 Nc6 11. Nxc6 bxc6 12. Na4 Bd6 13. Be3 Qa5 14. b3
Rfe8 15. Bd2 Qc7 16. Rfe1 Qd7 17. c4 Be5 18. Bc3 Bf5 19. Qd2 Bxc3 20. Qxc3 d4
21. Qd2 Rad8 22. Nc5 Qc8 23. Rxe8+ Nxe8 24. Qf4 Nf6 25. Rd1 d3 26. Bf1 Nh5 27.
Qc1 Rd4 28. Bxd3 Qd8 29. Be2 Nf6 30. Nb7 Qd7 31. Nc5 Qd6 32. Nb7 Qd7 33. Rxd4
Qxd4 34. Qd1 Qxd1+ 35. Bxd1 Kf8 36. Bf3 Ne4 37. Na5 c5 38. Nb7 Nd2 39. Bd1 Bb1
40. a3 Ne4 41. Kf1 Ke7 42. f3 Nc3 43. Ke1 Ke6 44. Kd2 Nxd1 45. Kxd1 Ke5 46.
Nxc5 Kd4 47. Na4 Ke3 48. Nc3 Bf5 49. f4 Kf2 50. Kd2 Kg2 51. Ke3 Kxh2 52. Kf2 h5
53. Nb5 a6 54. Nd6 Be6 55. b4 Kh3 56. a4 h4 57. gxh4 Kxh4 58. a5 Kg4 59. Ke3 g5
60. fxg5 Kxg5 61. b5 axb5 62. cxb5 f5 63. b6 f4+ 64. Kf2 Bd5 65. a6 Kf6 66. b7
Bxb7 1-0

[Event "Europa tch 2011 femenino"]
[Site "Porto Carras"]
[Date "2011.11.06"]
[Round "4.7"]
[White "Madl, Ildiko"]
[Black "Ozturk, Kubra"]
[Result "1-0"]
[WhiteElo "2399"]
[BlackElo "2239"]
[PlyCount "143"]
[EventDate "2011.11.03"]
[EventType "team"]
[EventRounds "9"]
[EventCountry "GRE"]
[Source "lmi"]
[SourceDate "2011.11.03"]
[WhiteTeamCountry "FRA"]
[BlackTeamCountry "ESP"]

1. e4 e5 2. Nf3 Nc6 3. Bb5 a6 4. Ba4 Nf6 5. O-O b5 6. Bb3 Bb7 7. d3 Bd6 8. a3
O-O 9. Nc3 h6 10. Ne2 Re8 11. Bd2 Bf8 12. c4 bxc4 13. Bxc4 Rb8 14. b4 d5 15.
exd5 Nxd5 16. Qb3 Na7 17. Ng3 c6 18. Rfe1 Qf6 19. Re4 Nb5 20. Rae1 Re7 21. Nxe5
Rbe8 22. Nd7 Qd4 23. Nxf8 Kxf8 24. Bxb5 Rxe4 25. dxe4 Qxd2 26. Rd1 Qc3 27. Bc4
Qxb3 28. Bxb3 Nf6 29. f3 g6 30. Kf2 Ke7 31. Ne2 Rc8 32. Rc1 Nd7 33. Nc3 Ne5 34.
Ke2 a5 35. f4 axb4 36. axb4 Nd7 37. Ra1 Rb8 38. Ra5 Bc8 39. Na2 Rb6 40. Bc4 f6
41. Kd3 g5 42. g3 Nf8 43. Ra7+ Rb7 44. Rxb7+ Bxb7 45. Nc3 Ng6 46. Ne2 Bc8 47.
Ke3 Bg4 48. Nc3 h5 49. Be2 gxf4+ 50. gxf4 Nh4 51. f5 Ng2+ 52. Kf2 Nf4 53. Bxg4
hxg4 54. Kg3 Nd3 55. b5 cxb5 56. Nxb5 Ne5 57. Nc3 Kf7 58. Nd5 Nf3 59. Ne3 Ng5
60. Kf4 Nh3+ 61. Kxg4 Nf2+ 62. Kf3 Nh3 63. Ng4 Kg7 64. Ke3 Kf7 65. Nf2 Ng5 66.
h4 Nh7 67. Kd4 Nf8 68. Ng4 Kg7 69. Kd5 Nd7 70. Kd6 Nb8 71. h5 Kf7 72. h6 1-0

[Event "Europa tch 2011 femenino"]
[Site "Porto Carras"]
[Date "2011.11.06"]
[Round "4.8"]
[White "Lanchava, Tea"]
[Black "Fakhiridou, Ekaterini"]
[Result "1/2-1/2"]
[WhiteElo "2320"]
[BlackElo "2180"]
[PlyCount "120"]
[EventDate "2011.11.03"]
[EventType "team"]
[EventRounds "9"]
[EventCountry "GRE"]
[Source "lmi"]
[SourceDate "2011.11.03"]
[WhiteTeam "Netherlands"]
[BlackTeam "Greece"]
[WhiteTeamCountry "NED"]
[BlackTeamCountry "GRE"]

1. d4 Nf6 2. Nf3 e6 3. e3 b6 4. Bd3 Bb7 5. Nbd2 c5 6. O-O Be7 7. b3 O-O 8. Bb2
d5 9. Ne5 Nbd7 10. f4 Ne4 11. Rf3 f5 12. Rh3 Nxe5 13. dxe5 Nxd2 14. Qxd2 c4 15.
Bf1 Rc8 16. Bd4 Qc7 17. c3 Bc5 18. Qd1 Bxd4 19. exd4 b5 20. Re3 a5 21. Rb1 Bc6
22. Qc1 Qa7 23. Qb2 Rb8 24. Ree1 Rb7 25. Rbd1 Rc8 26. Rc1 Bd7 27. Kh1 Rbc7 28.
Qd2 Be8 29. bxc4 bxc4 30. Qb2 Rb7 31. Qa3 Rcb8 32. Be2 Qa6 33. h3 Qb5 34. g4
Bg6 35. Kg2 fxg4 36. hxg4 Be4+ 37. Kg3 Qc6 38. Bd1 Rb2 39. Re2 Rxe2 40. Bxe2
Qb5 41. Qd6 Qb6 42. Re1 Qb2 43. Bf3 Bxf3 44. Kxf3 Qxc3+ 45. Re3 Qb2 46. Qxe6+
Kh8 47. Qd6 Qb1 48. Kg3 Qg1+ 49. Kh4 Rg8 50. Rh3 Qf2+ 51. Kg5 h6+ 52. Kh5 Qxf4
53. Qg6 Qf1 54. Rh4 Qe2 55. Rh1 Qg2 56. Rh4 c3 57. g5 Qf3+ 58. Rg4 Qh3+ 59. Rh4
Qf3+ 60. Rg4 Qf4 1/2-1/2

[Event "Europa tch 2011 femenino"]
[Site "Porto Carras"]
[Date "2011.11.06"]
[Round "4.8"]
[White "Makropoulou, Marina"]
[Black "Schut, Lisa"]
[Result "0-1"]
[WhiteElo "2201"]
[BlackElo "2284"]
[PlyCount "114"]
[EventDate "2011.11.03"]
[EventType "team"]
[EventRounds "9"]
[EventCountry "GRE"]
[Source "lmi"]
[SourceDate "2011.11.03"]
[WhiteTeam "Greece"]
[BlackTeam "Netherlands"]
[WhiteTeamCountry "GRE"]
[BlackTeamCountry "NED"]

1. e4 c5 2. Nf3 d6 3. d4 cxd4 4. Nxd4 Nf6 5. Nc3 a6 6. Bg5 Nbd7 7. Be2 e6 8.
O-O Be7 9. Qd3 Qc7 10. a4 h6 11. Bd2 O-O 12. Qg3 Kh8 13. Kh1 Nc5 14. f3 e5 15.
Nf5 Bxf5 16. exf5 d5 17. Qh3 d4 18. Nd1 Nxa4 19. Bxh6 Qxc2 20. Nf2 Qxe2 21.
Rfe1 Qb5 22. Rxe5 gxh6 23. Rxb5 axb5 24. Qxh6+ Nh7 25. Ne4 Nc3 26. Re1 Nxe4 27.
fxe4 d3 28. h4 Rfd8 29. e5 Ra4 30. g3 Re4 31. Rd1 Rxe5 32. Kg2 Bf6 33. g4 Re2+
34. Kf3 Rxb2 35. g5 Bg7 36. Qb6 Rd7 37. Qe3 Rd8 38. f6 Bf8 39. Rxd3 Rxd3 40.
Qxd3 Rb4 41. Kg3 Kg8 42. Qd5 Rb1 43. Kh2 Rf1 44. Kg2 Rf4 45. Kg3 Rc4 46. Kh3
Rc3+ 47. Kg2 Rc5 48. Qxb7 b4 49. Kf1 Re5 50. Kg2 Re2+ 51. Kf3 Rd2 52. Qb8 Rd4
53. Qh2 b3 54. Qb8 Rb4 55. Qe8 Nxf6 56. Qe1 b2 57. Qb1 Ne4 0-1

[Event "Europa tch 2011 femenino"]
[Site "Porto Carras"]
[Date "2011.11.06"]
[Round "4.8"]
[White "Pavlidou, Ekaterini"]
[Black "Bensdorp, Marlies"]
[Result "1-0"]
[WhiteElo "2176"]
[BlackElo "2242"]
[PlyCount "91"]
[EventDate "2011.11.03"]
[EventType "team"]
[EventRounds "9"]
[EventCountry "GRE"]
[Source "lmi"]
[SourceDate "2011.11.03"]
[WhiteTeam "Greece"]
[BlackTeam "Netherlands"]
[WhiteTeamCountry "GRE"]
[BlackTeamCountry "NED"]

1. d4 Nf6 2. c4 b6 3. Nc3 Bb7 4. d5 e6 5. a3 Bd6 6. Nf3 exd5 7. cxd5 Qe7 8. e3
O-O 9. Be2 c6 10. O-O Nxd5 11. Nxd5 cxd5 12. b4 Qf6 13. Rb1 Nc6 14. Bb2 Qh6 15.
g3 Ne7 16. Nd4 Rac8 17. Qa4 Bb8 18. Qxd7 Rc7 19. Qa4 Bc8 20. Rfc1 Qg6 21. Qd1
Rxc1 22. Rxc1 Bh3 23. b5 Rc8 24. Rxc8+ Bxc8 25. Bd3 Qd6 26. Qc2 h5 27. Qc3 f6
28. a4 Qd8 29. Bb1 h4 30. Qd3 hxg3 31. Qh7+ Kf7 32. Qh5+ Kg8 33. Bh7+ Kf8 34.
hxg3 Qe8 35. Qh4 Bd6 36. Nc6 Nxc6 37. bxc6 Qe6 38. Bg6 Be7 39. Kh2 Bc5 40. Qh8+
Qg8 41. Qh4 Qe6 42. c7 Bd6 43. Bxf6 Bxg3+ 44. Kxg3 gxf6 45. Qh8+ Ke7 46. Qd8#
1-0

[Event "Europa tch 2011 femenino"]
[Site "Porto Carras"]
[Date "2011.11.06"]
[Round "4.8"]
[White "Peng, Zhaoqin"]
[Black "Dembo, Yelena"]
[Result "1/2-1/2"]
[WhiteElo "2379"]
[BlackElo "2468"]
[PlyCount "156"]
[EventDate "2011.11.03"]
[EventType "team"]
[EventRounds "9"]
[EventCountry "GRE"]
[Source "lmi"]
[SourceDate "2011.11.03"]
[WhiteTeam "Netherlands"]
[BlackTeam "Greece"]
[WhiteTeamCountry "NED"]
[BlackTeamCountry "GRE"]

1. d4 Nf6 2. c4 g6 3. Nc3 Bg7 4. e4 d6 5. Nf3 O-O 6. Be2 Nbd7 7. O-O e5 8. Be3
Re8 9. d5 Nh5 10. g3 Bf8 11. Ne1 Ng7 12. Nd3 f5 13. f3 Be7 14. Qd2 Rf8 15. Kg2
Nf6 16. c5 fxe4 17. fxe4 Ng4 18. Bxg4 Bxg4 19. h3 Bd7 20. Kh2 Kh8 21. b4 a6 22.
a4 Qe8 23. Bh6 Rf7 24. Be3 Qf8 25. Qe2 Rxf1 26. Rxf1 Qe8 27. Qd2 Kg8 28. Nb2 g5
29. Nc4 Qh5 30. Qg2 g4 31. h4 Qg6 32. cxd6 cxd6 33. Nb6 Rd8 34. Qd2 Nh5 35. Bg5
Bxg5 36. hxg5 Be8 37. Qf2 Qg7 38. a5 h6 39. gxh6 Qxh6 40. Kg2 Bg6 41. Qe1 Kg7
42. Rh1 Rf8 43. Nc4 Rf3 44. Nxd6 Qg5 45. Ne2 Qf6 46. Rxh5 Bxh5 47. Nf5+ Kg8 48.
Qc1 Kh7 49. Qc7+ Bf7 50. Qxb7 Rxf5 51. exf5 Qxf5 52. d6 Kg7 53. Kg1 Qd3 54. Kf2
Qxd6 55. Qe4 Qe6 56. Nc3 Bg6 57. Qb7+ Kh6 58. Qh1+ Kg7 59. Qd5 Qf6+ 60. Ke3
Qg5+ 61. Ke2 Qh5 62. Qd7+ Kh6 63. Qd2+ Kg7 64. Qe3 Qh2+ 65. Qf2 Qh1 66. Qa7+
Bf7 67. Qe3 Qg2+ 68. Ke1 Qh1+ 69. Kd2 Qg2+ 70. Kc1 Qf1+ 71. Kd2 Qg2+ 72. Ne2
Qd5+ 73. Qd3 Qc6 74. Qc3 Qd5+ 75. Qd3 Qc6 76. Qd8 Qh6+ 77. Ke1 Qh1+ 78. Kd2
Qh6+ 1/2-1/2

[Event "Europa tch 2011 femenino"]
[Site "Porto Carras"]
[Date "2011.11.06"]
[Round "4.9"]
[White "Hoolt, Sarah"]
[Black "Hegarty, Sarah N"]
[Result "1-0"]
[WhiteElo "2286"]
[BlackElo "2060"]
[PlyCount "79"]
[EventDate "2011.11.03"]
[EventType "team"]
[EventRounds "9"]
[EventCountry "GRE"]
[Source "lmi"]
[SourceDate "2011.11.03"]
[WhiteTeamCountry "NED"]
[BlackTeamCountry "GRE"]

1. e4 c5 2. Nf3 Nc6 3. d4 cxd4 4. Nxd4 g6 5. c4 Bg7 6. Nc2 d6 7. Be2 Nf6 8. Nc3
O-O 9. O-O Be6 10. Be3 Rc8 11. f3 a6 12. Nd5 Nd7 13. Rb1 Nc5 14. b3 Bd7 15. Qd2
f5 16. exf5 gxf5 17. Bg5 Ne6 18. Bh4 Rf7 19. Bd3 Qf8 20. Kh1 Bh6 21. f4 Nc5 22.
b4 Nxd3 23. Qxd3 Bg7 24. Rbd1 Be6 25. Rfe1 Bxd5 26. cxd5 Na7 27. Nd4 Bxd4 28.
Qxd4 Nb5 29. Qb2 Nc3 30. Rd3 Ne4 31. g4 Qh6 32. gxf5 Rg7 33. Bg5 Nxg5 34. fxg5
Rxg5 35. Rxe7 Rg4 36. Rc3 Rxc3 37. Qxc3 Qf8 38. f6 h6 39. Qf3 Rg6 40. Qf5 1-0

[Event "Europa tch 2011 femenino"]
[Site "Porto Carras"]
[Date "2011.11.06"]
[Round "4.9"]
[White "Houska, Jovanka"]
[Black "Paehtz, Elisabeth"]
[Result "1/2-1/2"]
[WhiteElo "2415"]
[BlackElo "2457"]
[PlyCount "37"]
[EventDate "2011.11.03"]
[EventType "team"]
[EventRounds "9"]
[EventCountry "GRE"]
[Source "lmi"]
[SourceDate "2011.11.03"]
[WhiteTeamCountry "NED"]
[BlackTeamCountry "GRE"]

1. d4 d5 2. Nf3 Nf6 3. c4 c6 4. e3 Bg4 5. h3 Bh5 6. Qb3 Qb6 7. Ne5 e6 8. Nc3
Be7 9. g4 Bg6 10. Nxg6 hxg6 11. Bg2 g5 12. Bd2 Nbd7 13. O-O-O O-O-O 14. Qa4
dxc4 15. Qxc4 Nf8 16. Qa4 Kb8 17. Ne4 Nxe4 18. Bxe4 Qb5 19. Qxb5 1/2-1/2

[Event "Europa tch 2011 femenino"]
[Site "Porto Carras"]
[Date "2011.11.06"]
[Round "4.9"]
[White "Yurenok, Maria S"]
[Black "Ohme, Melanie"]
[Result "0-1"]
[WhiteElo "2106"]
[BlackElo "2361"]
[PlyCount "116"]
[EventDate "2011.11.03"]
[EventType "team"]
[EventRounds "9"]
[EventCountry "GRE"]
[Source "lmi"]
[SourceDate "2011.11.03"]
[WhiteTeamCountry "NED"]
[BlackTeamCountry "GRE"]

1. d4 d6 2. Bg5 c5 3. d5 h6 4. Bd2 Nf6 5. c4 b5 6. Qc2 bxc4 7. e4 Ba6 8. Bxc4
Bxc4 9. Qxc4 Nbd7 10. Bc3 g6 11. Nd2 Bg7 12. Ngf3 O-O 13. O-O Nb6 14. Qa6 Qd7
15. a4 Kh7 16. Rfe1 Rab8 17. Nc4 Ne8 18. Nxb6 Rxb6 19. Qc4 Nc7 20. Rad1 Bxc3
21. bxc3 f6 22. Rb1 Rfb8 23. Nd2 Rb2 24. h3 Na8 25. a5 Nc7 26. Qd3 Qa4 27. Ra1
Qc2 28. Qxc2 Rxc2 29. Rab1 Rc8 30. Red1 Rxc3 31. Rb7 a6 32. Rdb1 Rc2 33. Nf1
Rc4 34. f3 Kg7 35. R1b6 Rb4 36. Rxb4 cxb4 37. Rxb4 Nb5 38. Ne3 Rc1+ 39. Kf2 Ra1
40. Nc4 f5 41. exf5 gxf5 42. Ne3 Kg6 43. Rf4 Nc3 44. Nxf5 Kg5 45. g3 Ra2+ 46.
Ke1 Nxd5 47. Rd4 Rxa5 48. g4 h5 49. h4+ Kf6 50. Re4 Ra2 51. Ng3 hxg4 52. fxg4
e5 53. g5+ Kg6 54. Rc4 Ne3 55. Re4 Ng2+ 56. Kf1 Nf4 57. Rc4 Ng2 58. Ne2 Ne3+
0-1

[Event "Europa tch 2011 femenino"]
[Site "Porto Carras"]
[Date "2011.11.06"]
[Round "4.10"]
[White "Porat, Maya"]
[Black "Milovic, Aleksandra"]
[Result "0-1"]
[WhiteElo "2299"]
[BlackElo "2171"]
[PlyCount "108"]
[EventDate "2011.11.03"]
[EventType "team"]
[EventRounds "9"]
[EventCountry "GRE"]
[Source "lmi"]
[SourceDate "2011.11.03"]
[WhiteTeamCountry "NED"]
[BlackTeamCountry "GRE"]

1. d4 c5 2. d5 e6 3. c4 Bd6 4. Nf3 Nf6 5. Nc3 O-O 6. g3 Bc7 7. Bg2 exd5 8. cxd5
d6 9. O-O Re8 10. Nd2 Nbd7 11. Nb5 Bb8 12. a4 a6 13. Nc3 Bc7 14. e4 Rb8 15. f4
b5 16. g4 h6 17. g5 hxg5 18. e5 dxe5 19. fxg5 Nh7 20. Nde4 b4 21. Nb1 c4 22.
Kh1 Bb7 23. d6 Bb6 24. Qg4 Re6 25. Rxf7 Kxf7 26. Qf5+ Rf6 27. gxf6 Ndxf6 28.
Nbd2 c3 29. Nc4 Bd4 30. d7 Bxe4 31. Bxe4 Qxd7 32. Qxd7+ Nxd7 33. Bxh7 g6 34.
Bh6 Rh8 35. bxc3 bxc3 36. Rf1+ Ke6 37. Bxg6 Rxh6 38. Bd3 Nc5 39. Bc2 Kd5 40.
Na3 Rb6 41. a5 Rb2 42. Bh7 Ne4 43. Rf8 Bc5 44. Rd8+ Nd6 45. Nb1 c2 46. Nc3+ Kd4
47. Ne2+ Ke3 48. Bxc2 Rxc2 49. Ng3 Ne4 50. Nf1+ Kf2 51. Rd1 Re2 52. h4 Ng3+ 53.
Nxg3 Kxg3 54. Rd3+ Be3 0-1

[Event "Europa tch 2011 femenino"]
[Site "Porto Carras"]
[Date "2011.11.06"]
[Round "4.10"]
[White "Vasiliev, Olga"]
[Black "Blagojevic, Tijana"]
[Result "1/2-1/2"]
[WhiteElo "2305"]
[BlackElo "1925"]
[PlyCount "121"]
[EventDate "2011.11.03"]
[EventType "team"]
[EventRounds "9"]
[EventCountry "GRE"]
[Source "lmi"]
[SourceDate "2011.11.03"]
[WhiteTeamCountry "NED"]
[BlackTeamCountry "GRE"]

1. e4 e5 2. Nf3 Nc6 3. Bb5 Nf6 4. Qe2 Bc5 5. c3 O-O 6. d3 Re8 7. Ba4 d5 8. h3
a6 9. Bg5 b5 10. Bc2 dxe4 11. dxe4 Be6 12. Nbd2 Qe7 13. O-O h6 14. Bh4 g5 15.
Nxg5 hxg5 16. Bxg5 Qd8 17. a4 Rb8 18. axb5 axb5 19. Ra6 Bd7 20. Bb3 Rb6 21.
Rxb6 cxb6 22. Qxb5 Nd4 23. Qd3 Nxb3 24. Nxb3 Be7 25. Rd1 Nh7 26. Bh6 Bf8 27.
Be3 Re7 28. Qd6 Qa8 29. Bxb6 Be6 30. Ra1 Qxe4 31. Nc5 Qg6 32. Ra8 Qg5 33. Qd3
Nf6 34. Nxe6 Rxe6 35. Be3 Qg6 36. Qxg6+ fxg6 37. Kf1 Re8 38. Ra7 Rb8 39. b4 Nd5
40. Bd2 Rc8 41. Ra3 Kf7 42. f3 Bg7 43. Ke2 Nb6 44. Ra7+ Kg8 45. Ra6 Nd5 46. Kd3
e4+ 47. Kxe4 Nxc3+ 48. Bxc3 Rxc3 49. b5 Kh7 50. b6 Rc5 51. b7 Rb5 52. Ra7 Kh6
53. g4 Bf8 54. g5+ Kh5 55. f4 Kh4 56. Ra8 Bd6 57. Ra6 Rb4+ 58. Kf3 Rb3+ 59. Ke4
Rb4+ 60. Kf3 Rb3+ 61. Ke4 1/2-1/2

[Event "Europa tch 2011 femenino"]
[Site "Porto Carras"]
[Date "2011.11.06"]
[Round "4.10"]
[White "Vojinovic, Jovana"]
[Black "Klinova, Masha"]
[Result "1/2-1/2"]
[WhiteElo "2346"]
[BlackElo "2316"]
[PlyCount "73"]
[EventDate "2011.11.03"]
[EventType "team"]
[EventRounds "9"]
[EventCountry "GRE"]
[Source "lmi"]
[SourceDate "2011.11.03"]
[WhiteTeamCountry "NED"]
[BlackTeamCountry "GRE"]

1. d4 d6 2. Nf3 Nf6 3. c4 g6 4. Nc3 Bg7 5. e4 O-O 6. Be2 e5 7. Be3 Ng4 8. Bg5
f6 9. Bh4 g5 10. Bg3 Nh6 11. dxe5 fxe5 12. h4 g4 13. Nh2 Be6 14. Nd5 Qd7 15.
Ne3 Nc6 16. Nhxg4 Nd4 17. Nh2 a6 18. Rc1 b5 19. b3 Nf7 20. Bg4 Nd8 21. Nc2 N8c6
22. Nxd4 Nxd4 23. Bxe6+ Qxe6 24. Qg4 Qf7 25. Rc3 h5 26. Qd1 Qg6 27. Qb1 Bh6 28.
cxb5 axb5 29. b4 c6 30. a3 Rf7 31. Qd3 Raf8 32. O-O Rg7 33. Ra1 Bf4 34. Ra2 Qe6
35. Rb2 Qg6 36. Ra2 Kh8 37. Nf1 1/2-1/2

[Event "Europa tch 2011 femenino"]
[Site "Porto Carras"]
[Date "2011.11.06"]
[Round "4.11"]
[White "Berzina, Ilze"]
[Black "Heinatz, Dr Gundula"]
[Result "1/2-1/2"]
[WhiteElo "2320"]
[BlackElo "2205"]
[PlyCount "66"]
[EventDate "2011.11.03"]
[EventType "team"]
[EventRounds "9"]
[EventCountry "GRE"]
[Source "lmi"]
[SourceDate "2011.11.03"]
[WhiteTeamCountry "NED"]
[BlackTeamCountry "GRE"]

1. e4 c5 2. Nf3 Nc6 3. Bb5 g6 4. O-O Bg7 5. Re1 e5 6. Bxc6 bxc6 7. d3 d6 8.
Nbd2 Ne7 9. Nc4 O-O 10. h3 f5 11. a3 Ba6 12. Ncd2 Qc7 13. b4 d5 14. Bb2 fxe4
15. dxe4 d4 16. bxc5 Rad8 17. Qb1 h6 18. c3 Kh7 19. cxd4 exd4 20. Qc1 Qd7 21.
Nb3 Rxf3 22. gxf3 Qxh3 23. Qf4 Rf8 24. Qg3 Qxg3+ 25. fxg3 Rb8 26. Bxd4 Rxb3 27.
Bxg7 Kxg7 28. Kf2 Kf6 29. Rad1 Rb2+ 30. Ke3 Rb3+ 31. Kf2 Rb2+ 32. Ke3 Rb3+ 33.
Kf2 Rb2+ 1/2-1/2